000 00406nam a2200169Ia 4500
005 20250106033029.0
008 240331s9999 xx 000 0 und d
020 _a0422793604
082 _bMIK
_25413
_a305.2
100 _aO'Donnell, M
245 0 _aAge and Generation
260 _aLondon
_bTavistock Publication
_c1985
300 _avi, 154 p.,
650 _aGeneration
650 _aYouth
942 _cL
999 _c1525
_d1525